000 00293nam a22001337a 4500
008 170825b xxu||||| |||| 00| 0 eng d
020 _a9780071495783
041 _aeng
080 _22ND
_a51
100 _a39
101 _aMED
245 _aACE THE IT INTERVIEW
_cMOREIRA,P
942 _2udc
_cBK
999 _c24977
_d24977